| 000 | 01292 a2200241 4500 | ||
|---|---|---|---|
| 001 | 36974 | ||
| 005 | 20260407155641.0 | ||
| 008 | 260407a1993 arg spa d | ||
| 003 | AR-UNSa-BCEJYS | ||
| 040 |
_aAR-UNSa-BCEJYS _bspa _cAR-UNSa-BCEJYS |
||
| 080 |
_a658.51 _xOrganización de la producción |
||
| 245 | 1 | 0 | _aMejoramiento de los procesos de la empresa |
| 020 | _a958-600-168-7 | ||
| 264 | 1 |
_aBogotá : _bMcGraw-Hill _c1993 |
|
| 300 |
_a309 p. _c24 cm. |
||
| 505 | _a1. ¿ Por qué centrarse en los procesos de la empresa? - 2. Preparación del terreno para el mejoramiento de los procesos de la empresa - 3. Organización para el mejoramiento de procesos - 4. Diagrama de flujo: representación gráfica del proceso - 5. Comprender las características del proceso - 6. Modernización del proceso - 7. Medición, retroalimentación y acción ( cargue, apunte y dispare) - 8. Calificación del proceso - 9. Proceso de benchmarking - 10. El comienzo - Apéndice: Guías para las entrevistas | ||
| 942 | _cBK | ||
| 590 | _aniveau_biblio:m niveau_hierar:0 | ||
| 100 | 1 | _aHarrington, H. James | |
| 700 | 1 | _aRosas Lopetegui, Gloria Elizabeth | |
| 700 | 1 | _aTiznado Santana, Marco Antonio | |
| 856 | 4 | 1 |
_uhttps://170.210.207.44/pmb/images/libros/L85422.jpg _yImagen de portada _qimage/jpeg |
| 999 |
_c2695 _d2695 |
||